Statistiken für Fribourg: Gemeinden nach Einwohnerzahl

Klicken Sie hier um das Quiz zu spielen!

Allgemein

  • Dieses Quiz wurde 33 mal gespielt
  • Das Durchschnittsergebnis liegt bei 7 aus 15

Antwortstatistiken

EinwohnerzahlBezirkGemeinde% Korrekt
24'412Gruyère/GreyerzBulle
84%
38'039Sarine/SaaneFribourg
84%
8300Sense/SingineDüdingen
79%
5417Glâne/GlaneRomont (FR)
68%
8244See/LacMurten
63%
7643Sense/SingineTafers
63%
9988BroyeEstavayer
53%
7449Veveyse/VivisbachChâtel-Saint-Denis
47%
5037See/LacKerzers
42%
8222Sarine/SaaneMarly
37%
5559Sense/SingineWünnewil-Flamatt
37%
5635BroyeBelmont-Broye
32%
12'219Sarine/SaaneVillars-sur-Glâne
26%
5503See/LacCourtepin
16%
7622Sarine/SaaneGibloux
11%

Verteilung der Resultate

Perzentil nach korrekt beantworteten Fragen

Anzahl Personen mit jedem Resultat

Ihre Resultats-Entwicklung

Sie haben dieses Quiz noch nicht gespielt